Štvrtý pilier trvalo udržateľného rozvoja
Vedecko-technický rozvoj ako základ všetkého, t.j. ekonomického, sociálneho a environmentálneho rozvoja. Kvalitatívny technický rozvoj. Ekonomický a environmentálny rozvoj. Široké chápanie trvalo udržateľného rozvoja.
Gespeichert in:
| 1. Verfasser: | |
|---|---|
| Format: | Buchkapitel |
| Sprache: | Slowakisch |
| Schlagworte: | |
| Tags: |
Keine Tags, Fügen Sie das erste Tag hinzu!
|
MARC
| LEADER | 00000naa$a2200000$$$4500 | ||
|---|---|---|---|
| 001 | 0055736 | ||
| 005 | 20220718123457.4 | ||
| 041 | 0 | |a slo | |
| 044 | |a SK | ||
| 245 | 1 | 0 | |a Štvrtý pilier trvalo udržateľného rozvoja |c Vladimír Zapletal |
| 520 | |a Vedecko-technický rozvoj ako základ všetkého, t.j. ekonomického, sociálneho a environmentálneho rozvoja. Kvalitatívny technický rozvoj. Ekonomický a environmentálny rozvoj. Široké chápanie trvalo udržateľného rozvoja. | ||
| 610 | 2 | 0 | |a rozvoj trvalo udržateľný |
| 610 | 2 | 0 | |a rozvoj technický |
| 610 | 2 | 0 | |a rozvoj hospodársky |
| 610 | 2 | 0 | |a environmentalistika |
| 610 | 2 | 0 | |a definície |
| 100 | 1 | |a Zapletal, Vladimír | |